<?xml version="1.0" encoding="UTF-8"?><?xml-stylesheet type="text/xsl" href="static/style.xsl"?><OAI-PMH xmlns="http://www.openarchives.org/OAI/2.0/" xmlns:xsi="http://www.w3.org/2001/XMLSchema-instance" xsi:schemaLocation="http://www.openarchives.org/OAI/2.0/ http://www.openarchives.org/OAI/2.0/OAI-PMH.xsd"><responseDate>2026-04-29T05:37:42Z</responseDate><request verb="GetRecord" identifier="oai:repisalud.isciii.es:20.500.12105/27144" metadataPrefix="marc">https://repisalud.isciii.es/rest/oai/request</request><GetRecord><record><header><identifier>oai:repisalud.isciii.es:20.500.12105/27144</identifier><datestamp>2026-01-15T01:16:14Z</datestamp><setSpec>com_20.500.12105_2052</setSpec><setSpec>com_20.500.12105_2051</setSpec><setSpec>col_20.500.12105_19608</setSpec></header><metadata><record xmlns="http://www.loc.gov/MARC21/slim" xmlns:dcterms="http://purl.org/dc/terms/" xmlns:doc="http://www.lyncode.com/xoai" xmlns:xsi="http://www.w3.org/2001/XMLSchema-instance" xsi:schemaLocation="http://www.loc.gov/MARC21/slim http://www.loc.gov/standards/marcxml/schema/MARC21slim.xsd">
   <leader>00925njm 22002777a 4500</leader>
   <datafield ind2=" " ind1=" " tag="042">
      <subfield code="a">dc</subfield>
   </datafield>
   <datafield ind2=" " ind1=" " tag="720">
      <subfield code="a">Suárez-García, Inés</subfield>
      <subfield code="e">author</subfield>
   </datafield>
   <datafield ind2=" " ind1=" " tag="720">
      <subfield code="a">Alejos, Belén</subfield>
      <subfield code="e">author</subfield>
   </datafield>
   <datafield ind2=" " ind1=" " tag="720">
      <subfield code="a">Moreno, Cristina</subfield>
      <subfield code="e">author</subfield>
   </datafield>
   <datafield ind2=" " ind1=" " tag="720">
      <subfield code="a">Martín Torres, Juan</subfield>
      <subfield code="e">author</subfield>
   </datafield>
   <datafield ind2=" " ind1=" " tag="720">
      <subfield code="a">Masiá, Mar</subfield>
      <subfield code="e">author</subfield>
   </datafield>
   <datafield ind2=" " ind1=" " tag="720">
      <subfield code="a">García-Fraile, Lucio J</subfield>
      <subfield code="e">author</subfield>
   </datafield>
   <datafield ind2=" " ind1=" " tag="720">
      <subfield code="a">Riera, Melchor</subfield>
      <subfield code="e">author</subfield>
   </datafield>
   <datafield ind2=" " ind1=" " tag="720">
      <subfield code="a">Dalmau, David</subfield>
      <subfield code="e">author</subfield>
   </datafield>
   <datafield ind2=" " ind1=" " tag="720">
      <subfield code="a">Rodríguez-Rosado, Rafael</subfield>
      <subfield code="e">author</subfield>
   </datafield>
   <datafield ind2=" " ind1=" " tag="720">
      <subfield code="a">Muga, Roberto</subfield>
      <subfield code="e">author</subfield>
   </datafield>
   <datafield ind2=" " ind1=" " tag="720">
      <subfield code="a">Moreno, Santiago</subfield>
      <subfield code="e">author</subfield>
   </datafield>
   <datafield ind2=" " ind1=" " tag="720">
      <subfield code="a">Jarrin Vera, Inmaculada</subfield>
      <subfield code="e">author</subfield>
   </datafield>
   <datafield ind2=" " ind1=" " tag="720">
      <subfield code="a">CoRIS</subfield>
      <subfield code="e">author</subfield>
   </datafield>
   <datafield ind2=" " ind1=" " tag="260">
      <subfield code="c">2025-03-03</subfield>
   </datafield>
   <datafield ind2=" " ind1=" " tag="520">
      <subfield code="a">Objectives: To evaluate the long-term effectiveness, persistence and tolerability of dolutegravir (DTG)/lamivudine (3TC), compared with the most frequently prescribed first-line treatment regimens, among antiretroviral-naive people with HIV from CoRIS, a multicentre cohort in Spain, in 2018-23. Methods: We used multivariable regression models to compare viral suppression (VS) (HIV RNA viral load &lt;50 copies/mL), change in CD4 cell counts, persistence and treatment discontinuations due to adverse events (AEs), at 96 (±24) weeks after treatment initiation. Results: Of 2359 participants, DTG/3TC was prescribed in 472 (20.0%), bictegravir/tenofovir alafenamide (TAF)/emtricitabine (FTC) in 1134 (48.1%), DTG + tenofovir disoproxil fumarate/FTC in 300 (12.7%), DTG/abacavir/3TC in 273 (11.6%) and darunavir/cobicistat/TAF/FTC in 180 (7.6%). At 96 weeks from treatment initiation, 94.0% of participants initiating with DTG/3TC achieved VS, and the mean increase in CD4 cell counts was 295.5 cells/μL (95% CI: 269.9-321.1). During the first 96 weeks after DTG/3TC initiation, 9.8% and 1.3% discontinued their initial regimen, overall and due to AEs, respectively. In multivariable analyses, we did not find significant differences in VS or increase in CD4 cell counts among participants initiating with DTG/3TC compared with other regimens. Initiating ART with a regimen other than DTG/3TC was associated with a higher risk of treatment discontinuation, overall and due to AEs. Conclusions: Among treatment-naive people with HIV from this large multicentre cohort, DTG/3TC had similar effectiveness and better persistence and tolerability than those of the most frequently prescribed first-line regimens at 96 weeks.</subfield>
   </datafield>
   <datafield ind1="8" ind2=" " tag="024">
      <subfield code="a">Suárez-García I, Alejos B, Moreno C, Martín Torres J, Masiá M, García-Fraile LJ, Riera M, Dalmau D, Rodríguez-Rosado R, Muga R, Moreno S, Jarrín I; CoRIS cohort. Long-term effectiveness and tolerability of dolutegravir/lamivudine in treatment-naive people with HIV: an analysis of a multicentre cohort at 96 weeks. J Antimicrob Chemother. 2025 Mar 3;80(3):682-691. doi: 10.1093/jac/dkae456. PMID: 39710424; PMCID: PMC11879157.</subfield>
   </datafield>
   <datafield ind1="8" ind2=" " tag="024">
      <subfield code="a">https://hdl.handle.net/20.500.12105/27144</subfield>
   </datafield>
   <datafield ind1="8" ind2=" " tag="024">
      <subfield code="a">39710424</subfield>
   </datafield>
   <datafield ind1="8" ind2=" " tag="024">
      <subfield code="a">10.1093/jac/dkae456</subfield>
   </datafield>
   <datafield ind1="8" ind2=" " tag="024">
      <subfield code="a">Journal of Antimicrobial Chemotherapy</subfield>
   </datafield>
   <datafield ind2="0" ind1="0" tag="245">
      <subfield code="a">Long-term effectiveness and tolerability of dolutegravir/lamivudine in treatment-naive people with HIV: an analysis of a multicentre cohort at 96 weeks.</subfield>
   </datafield>
</record></metadata></record></GetRecord></OAI-PMH>